[Event "Tournoi n27364"]
[Site "www.echecsemail.com"]
[Date "2026.01.10"]
[Round "1"]
[White "Verson"]
[Black "Nicadria22"]
[WhiteElo "1850"]
[BlackElo "1930"]
[Result "1/2-1/2"]
1.d4 Ng8f6
2.Ng1f3 e6
3.e3 b6
4.Bf1d3 Bc8b7
5.Nb1d2 c5
6.O-O Bf8e7
7.c3 d5
8.Qd1e2 O-O
9.e4 dxe4
10.Nd2xe4 cxd4
11.cxd4 Nb8c6
12.Bc1e3 Nc6b4
13.Ne4xf6 Be7xf6
14.Rf1d1 Bb7xf3
15.Qe2xf3 Nb4d5
16.Ra1c1 Nd5xe3
17.Qf3xe3 g6
18.Bd3e4 Ra8c8
19.Rc1xc8 Qd8xc8
20.Rd1c1 Qc8d7
21.Rc1d1 Rf8d8
22.d5 Qd7d6
23.b3 exd5
24.Rd1xd5 Qd6c7
25.Rd5xd8 Qc7xd8
26.Qe3d3 { nul }1/2-1/2

[Event "Eq:Avalon-LES CHATTERBOX :"]
[Site "www.echecsemail.com"]
[Date "2026.01.10"]
[Round "1"]
[White "Onetwoyve"]
[Black "Sierra117"]
[WhiteElo "1860"]
[BlackElo "1660"]
[Result "1-0"]
1.e4 e5
2.Ng1f3 Nb8c6
3.Bf1b5 a6
4.Bb5xc6 dxc6
5.d3 Bc8g4
6.h3 Bg4h5
7.g4 Bh5g6
8.Nf3xe5 Bf8c5
9.Bc1e3 Qd8e7
10.d4 Bc5b6
11.Nb1c3 O-O-O
12.Ne5xg6 hxg6
13.Qd1d3 Ng8f6
14.O-O-O Nf6e8
15.f4 f6
16.e5 fxe5
17.fxe5 c5
18.Nc3e2 g5
19.Qd3f5 Qe7d7
20.Qf5xg5 Rh8g8
21.Rh1f1 Qd7e6
22.Qg5f5 Qe6xf5
23.Rf1xf5 cxd4
24.Ne2xd4 Bb6xd4
25.Be3xd4 c6
26.e6 Ne8c7
27.e7 Rd8e8
28.Rd1e1 Nc7d5
29.Rf5e5 g6
30.b3 Kd7
31.h4 Re8xe7
32.Re5xe7 Nd5xe7
33.Bd4f6 Ne7d5
34.Bf6g5 Rg8e8
35.Re1xe8 Kxe8
36.Kd2 Kf7
37.a3 b5
38.c4 Nd5c7
39.Kd3 Ke6
40.Ke4 Kd6
41.h5 gxh5
42.gxh5 Nc7e6
43.Bg5f6 Ne6f8
44.Kf5 Kd7
45.h6 Ke8
46.Bf6g7 Kf7
47.Bg7xf8 Kxf8
48.Ke6 bxc4
49.bxc4 Kg8
50.Kd6 { abandon }1-0

[Event "Coupe Niveau 2"]
[Site "www.echecsemail.com"]
[Date "2026.01.10"]
[Round "1"]
[White "Panchoa"]
[Black "Jlr"]
[WhiteElo "1600"]
[BlackElo "1380"]
[Result "1-0"]
1.e4 e5
2.Ng1f3 d6
3.Nb1c3 h5
4.Bf1e2 a6
5.O-O Ng8f6
6.d4 c6
7.dxe5 Nf6g4
8.Bc1g5 f6
9.exf6 gxf6
10.Bg5h4 Bf8g7
11.Qd1d2 Bg7h6
12.Qd2d3 Bh6f8
13.Ra1d1 Bf8e7
14.Qd3d4 c5
15.Qd4d5 Qd8c7
16.Be2c4 Bc8d7
17.Qd5f7 Kd8
18.Nc3d5 Qc7a5
19.Qf7xe7 Kc8
20.Qe7xd6 Ng4e5
21.Nd5b6 Qa5xb6
22.Qd6xb6 Ne5xc4
23.Qb6xc5 Nb8c6
24.Qc5xc4 Bd7g4
25.Rd1d3 Kb8
26.Bh4xf6 Rh8f8
27.Bf6g5 Kc7
28.Nf3e5 Bg4e2
29.Rd3d7 Kb6
30.Bg5e3 Ka5
31.Rd7d5 b5
32.Ne5xc6 1-0

[Event "Défi( 10J+24H/c 10J Max )"]
[Site "www.echecsemail.com"]
[Date "2026.01.10"]
[Round "1"]
[White "Ziviol"]
[Black "Rescator"]
[WhiteElo "1420"]
[BlackElo "1420"]
[Result "1-0"]
1.c4 c5
2.e4 e5
3.Ng1f3 d6
4.h3 Ng8e7
5.Bf1e2 Bc8d7
6.O-O a6
7.Nb1c3 Ne7c6
8.d4 Nc6xd4
9.Nf3g5 g6
10.Nc3d5 Bf8e7
11.a3 h6
12.Ng5f3 a5
13.a4 Bd7e6
14.Bc1e3 Nd4c6
15.Qd1b3 b6
16.Nd5xb6 Ra8a6
17.Nb6d5 Nc6b4
18.Nf3d2 g5
19.Nd5c3 h5
20.Nd2f3 g4
21.hxg4 hxg4
22.Nf3h2 f6
23.Ra1d1 Be7f8
24.Be2xg4 Be6xg4
25.Nh2xg4 Nb8d7
26.Nc3b5 Ra6b6
27.f4 exf4
28.Be3xf4 Rh8h4
29.Bf4xd6 Rh4xg4
30.Bd6c7 Qd8e7
31.Bc7xb6 Nd7xb6
32.Nb5d6 Kd8
33.Nd6f5 Nb6d7
34.Nf5xe7 Bf8xe7
35.Qb3h3 Rg4xe4
36.Qh3h8 Be7f8
37.Qh8xf8 Kc7
38.Qf8f7 Re4d4
39.Rd1e1 Nb4d3
40.Re1e2 Nd3f4
41.Re2f2 Nf4d3
42.Rf2xf6 Rd4g4
43.Kh2 Rg4h4
44.Kg3 Nd3e5
45.Rf1e1 Ne5xf7
46.Rf6xf7 Rh4xc4
47.Re1e7 Rc4xa4
48.Re7xd7 Kc6
49.Rd7c7 Kb5
50.Rf7f5 Ra4c4
51.Rf5f8 Rc4d4
52.Rf8b8 Kc4
53.b3 Kc3
54.Rc7xc5 Kd2
55.Kf3 a4
56.bxa4 Rd4xa4
57.Rb8b2 Kd3
58.Rb2b3 Kd4
59.g4 Kxc5
60.g5 Kd6
61.Rb3e3 Ra4a7
62.Kf4 Ra7f7
63.Kg4 Rf7e7
64.Re3f3 Re7g7
65.Rf3f6 Ke7
66.Kf5 Rg7f7
67.Ke5 Rf7xf6
68.gxf6 Kf7
69.Kf5 { abandon }1-0

[Event "Eq:Pirates du Mat-Les Rois du Succes :"]
[Site "www.echecsemail.com"]
[Date "2026.01.10"]
[Round "1"]
[White "Breton"]
[Black "Shoryuken59"]
[WhiteElo "1970"]
[BlackElo "2090"]
[Result "0-1"]
1.d4 Ng8f6
2.c4 e6
3.Nb1c3 Bf8b4
4.Bc1d2 O-O
5.Ng1f3 d5
6.e3 c5
7.a3 Bb4xc3
8.Bd2xc3 Nf6e4
9.Bf1d3 Ne4xc3
10.bxc3 dxc4
11.Bd3xc4 Qd8a5
12.Qd1d2 b5
13.Bc4e2 Nb8d7
14.O-O Bc8b7
15.c4 Qa5xd2
16.Nf3xd2 bxc4
17.Be2xc4 cxd4
18.exd4 Nd7f6
19.f3 Ra8d8
20.Nd2b3 Bb7d5
21.Bc4xd5 Nf6xd5
22.Kf2 Rd8b8
23.Nb3c5 Rb8b2
24.Kg3 Nd5e3
25.Rf1g1 Rf8d8
26.Ra1b1 Rb2a2
27.Rb1b3 Ne3f5
28.Kh3 h5
29.Rg1d1 g5
30.Rb3d3 g4
31.fxg4 hxg4
32.Kxg4 Ra2xg2
33.Kh3 Rg2c2
34.Nc5e4 Kf8
35.Rd1d2 Rc2c4
36.Ne4g3 Nf5xd4
37.Ng3e2 e5
38.Ne2xd4 Rc4xd4
39.Rd3xd4 Rd8xd4
40.Rd2xd4 exd4
41.Kg3 f5
42.Kf4 Kf7
43.a4 Kg6
44.a5 a6
45.Kf3 Kg5
46.Ke2 f4
47.Kf3 d3
48.h4 Kxh4
49.Kxf4 d2
{ abandon }0-1

[Event "Coupe Niveau 6"]
[Site "www.echecsemail.com"]
[Date "2026.01.10"]
[Round "1"]
[White "Alain64"]
[Black "Carrighir"]
[WhiteElo "2080"]
[BlackElo "2110"]
[Result "0-1"]
1.f4 d5
2.Ng1f3 c5
3.e3 Nb8c6
4.Bf1b5 Bc8d7
5.O-O Ng8f6
6.b3 g6
7.Bc1b2 Bf8g7
8.Bb5xc6 Bd7xc6
9.Nf3e5 Qd8c7
10.Ne5xc6 Qc7xc6
11.Qd1e2 O-O
12.d3 Rf8e8
13.Nb1d2 Ra8d8
14.e4 dxe4
15.Nd2xe4 Nf6xe4
16.Bb2xg7 Kxg7
17.dxe4 Rd8d4
18.e5 Re8d8
19.Ra1d1 Qc6d7
20.Rd1xd4 Qd7xd4
21.Qe2f2 Qd4c3
22.f5 Qc3d4
23.f6 Kf8
24.e6 Qd4xf2
25.Rf1xf2 Rd8d1
26.Rf2f1 Rd1xf1
27.Kxf1 fxe6
28.fxe7 Kxe7
29.Ke2 Kd6
30.Ke3 Ke5
31.g4 g5
32.c4 a6
33.a3 b6
34.b4 cxb4
35.axb4 a5
36.bxa5 bxa5
37.Kd3 Kd6
38.Kd4 a4
39.c5 Kc6
40.Kc4 a3
{ abandon }0-1

[Event "Tournoi n27354"]
[Site "www.echecsemail.com"]
[Date "2026.01.10"]
[Round "1"]
[White "Panchoa"]
[Black "Tiounet"]
[WhiteElo "1580"]
[BlackElo "1680"]
[Result "1-0"]
1.e4 a6
2.Ng1f3 b5
3.Bf1d3 Bc8b7
4.O-O g6
5.Nb1c3 Bf8g7
6.Nf3g5 Ng8f6
7.e5 Nf6d5
8.Qd1f3 O-O
9.Nc3xd5 c6
10.Qf3h3 h6
11.Ng5xf7 Rf8xf7
12.Nd5e3 g5
13.Qh3h5 c5
14.Bd3g6 Rf7f8
15.Ne3f5 e6
16.Nf5xh6 Bg7xh6
17.Qh5xh6 Qd8e7
18.d3 Qe7g7
19.Qh6xg5 Nb8c6
20.Rf1e1 Nc6e7
21.Bg6h5 Qg7xg5
22.Bc1xg5 Ne7d5
23.Re1e4 Nd5b4
24.Re4g4 Kh7
25.Bg5e7 Rf8g8
26.Be7xc5 Rg8xg4
27.Bh5xg4 Nb4xc2
28.Ra1c1 Bb7d5
29.Rc1xc2 Ra8f8
30.Bc5xf8 { abandon }1-0

[Event "XERTIGNY  VOSGES"]
[Site "www.echecsemail.com"]
[Date "2026.01.10"]
[Round "1"]
[White "4x4"]
[Black "Legrillon"]
[WhiteElo "1460"]
[BlackElo "1710"]
[Result "0-1"]
1.e4 e5
2.Ng1f3 Ng8f6
3.Bf1c4 Nf6xe4
4.d3 Ne4d6
5.Nb1c3 Nd6xc4
6.dxc4 d6
7.Nc3d5 c6
8.Nd5e3 h6
9.b3 Bf8e7
10.Bc1b2 O-O
11.Qd1d2 Bc8e6
12.O-O-O b5
13.cxb5 cxb5
14.Nf3e1 Nb8c6
15.c3 a5
16.Ne1c2 a4
17.b4 Be6xa2
18.Nc2e1 Ba2b3
19.Ne3c2 Qd8b6
20.Ne1d3 Be7g5
21.f4 exf4
22.Kb1 f3
23.Nd3f4 f2
24.Qd2xd6 Ra8d8
25.Qd6c5 Rd8xd1
26.Rh1xd1 Qb6xc5
27.g3 Qc5f5
28.Rd1c1 Bg5xf4
29.gxf4 Bb3xc2
30.Ka1 Bc2d3
31.Rc1d1 Rf8d8
32.Ka2 Bd3c4
33.Ka1 Rd8xd1
34.Bb2c1 Rd1xc1
35.Kb2 Qf5c2
36.Ka3 Qc2b3
0-1

[Event "XERTIGNY  VOSGES"]
[Site "www.echecsemail.com"]
[Date "2026.01.10"]
[Round "1"]
[White "Legrillon"]
[Black "4x4"]
[WhiteElo "1710"]
[BlackElo "1460"]
[Result "1-0"]
1.e4 e5
2.Ng1f3 Ng8f6
3.Bf1c4 d6
4.Nf3g5 Bc8e6
5.Bc4xe6 fxe6
6.Ng5xe6 Qd8d7
7.Ne6xf8 Rh8xf8
8.d3 Nb8c6
9.h3 Nc6d4
10.Bc1g5 h6
11.Bg5d2 Qd7c6
12.c3 Nd4b5
13.a4 a6
14.axb5 Qc6xb5
15.Qd1c2 O-O-O
16.O-O c5
17.c4 Qb5c6
18.Nb1c3 Kc7
19.Nc3d5 Nf6xd5
20.exd5 Qc6d7
21.b4 b6
22.bxc5 bxc5
23.Ra1xa6 Rd8b8
24.Ra6c6 Kd8
25.f4 Rb8c8
26.Bd2a5 Ke7
27.fxe5 Rc8xc6
28.e6 Rf8xf1
29.Kxf1 Qd7e8
30.dxc6 Qe8f8
31.Kg1 Qf8c8
32.c7 Qc8xe6
33.Qc2f2 Kd7
34.Qf2f8 g5
35.c8Q 1-0

[Event "Tournoi n27189"]
[Site "www.echecsemail.com"]
[Date "2026.01.10"]
[Round "1"]
[White "Bassdark"]
[Black "Arcadie"]
[WhiteElo "2030"]
[BlackElo "1960"]
[Result "0-1"]
1.e4 e5
2.Ng1f3 Nb8c6
3.Bf1c4 Bf8c5
4.b4 Bc5xb4
5.c3 Bb4a5
6.Qd1b3 Qd8e7
7.O-O Ng8f6
8.Bc1a3 d6
9.d3 O-O
10.Nb1d2 Ba5b6
11.Kh1 Nf6g4
12.Kg1 Nc6a5
13.Qb3c2 Na5xc4
14.Nd2xc4 Bc8e6
15.Nc4xe5 Ng4xe5
16.Nf3xe5 Be6xa2
17.Ne5g6 hxg6
18.Qc2xa2 Qe7h4
19.e5 Rf8e8
20.exd6 cxd6
21.Ba3xd6 Ra8d8
22.Bd6g3 Qh4f6
23.d4 Qf6c6
24.Ra1c1 Rd8d5
25.Bg3e5 Re8c8
26.h4 Qc6e6
27.Rf1e1 Rd5xe5
28.Qa2xe6 Re5xe6
29.Re1d1 Re6e4
30.g3 Bb6d8
31.f3 Re4e3
32.Kf2 Re3xc3
33.Rc1b1 b6
34.d5 a5
35.d6 a4
36.d7 Rc8a8
37.Rb1c1 Rc3xc1
38.Rd1xc1 Ra8a7
39.Rc1d1 a3
40.Rd1a1 b5
41.Ke3 b4
42.Kd3 Ra7xd7
43.Kc4 Bd8e7
44.f4 Rd7b7
45.Kb3 Rb7c7
{ abandon }0-1

[Event "Défi( 10J+24H/c 10J Max )"]
[Site "www.echecsemail.com"]
[Date "2026.01.10"]
[Round "1"]
[White "Youliyouli"]
[Black "Jetjet91330"]
[WhiteElo "1890"]
[BlackElo "2100"]
[Result "0-1"]
1.e4 e5
2.Ng1f3 Nb8c6
3.Bf1c4 Bf8c5
4.c3 d6
5.d4 exd4
6.cxd4 Bc5b4
7.Nb1c3 h6
8.d5 Bb4xc3
9.bxc3 Nc6e7
10.Qd1b3 a6
11.e5 b5
12.Bc4e2 Ne7g6
13.exd6 cxd6
14.O-O Ng8f6
15.Rf1e1 O-O
16.c4 bxc4
17.Be2xc4 Qd8d7
18.Bc1a3 Bc8b7
19.Ra1d1 Ra8b8
20.Qb3d3 Ng6f4
21.Qd3d4 Nf4xd5
22.h3 Rf8d8
23.Nf3d2 Qd7a4
24.Nd2b1 Rb8c8
25.Bc4xd5 Qa4xd4
26.Bd5xf7 Kxf7
27.Rd1xd4 Rc8c2
28.Re1d1 d5
29.Rd1d2 Rc2xd2
30.Nb1xd2 Rd8c8
31.Nd2b3 Nf6e4
32.f3 Ne4c3
33.Rd4d2 Rc8e8
34.Nb3c5 Nc3b1
35.Rd2d3 Nb1xa3
36.Rd3xa3 Bb7c8
37.Nc5xa6 Re8e2
38.Na6c7 d4
39.Ra3d3 Re2xa2
40.Rd3xd4 Ra2c2
41.Rd4f4 Kg6
42.Nc7d5 Rc2e2
43.Nd5e7 Re2xe7
44.Kh2 Re7f7
45.g4 Rf7xf4
{ abandon }0-1

[Event "Tournoi n27314"]
[Site "www.echecsemail.com"]
[Date "2026.01.10"]
[Round "1"]
[White "Tiounet"]
[Black "Dversix"]
[WhiteElo "1590"]
[BlackElo "1540"]
[Result "1-0"]
1.a3 d5
2.b4 e6
3.Bc1b2 Bf8d6
4.Bb2xg7 f6
5.Bg7xh8 Kf7
6.Ng1f3 Ng8e7
7.Bh8xf6 Kxf6
8.g3 e5
9.Bf1g2 e4
10.Nf3d4 Bd6e5
11.c3 Be5xd4
12.cxd4 c6
13.O-O b5
14.d3 Qd8b6
15.e3 exd3
16.Qd1xd3 Bc8f5
17.e4 dxe4
18.Bg2xe4 Bf5g6
19.Qd3f3 Kg7
20.Rf1d1 Nb8d7
21.Nb1c3 a5
22.Qf3g4 Nd7f6
23.Qg4h4 Qb6c7
24.Be4xg6 Ne7xg6
25.Qh4g5 a4
26.h4 h6
27.Qg5c5 h5
28.Rd1e1 Ra8d8
29.Re1e3 Qc7d6
30.Ra1e1 Qd6xd4
31.Qc5xd4 Rd8xd4
32.Re3e6 Rd4c4
33.Nc3b1 Nf6d5
34.Re6d6 Ng6f8
35.Nb1d2 Rc4c3
36.Nd2e4 Rc3xa3
37.Rd6xc6 Nd5xb4
38.Rc6c5 Nb4d3
39.Rc5c7 Kg6
40.Re1e3 Nf8e6
41.Rc7c6 Kf5
42.Ne4d6 Kf6
43.Nd6e8 Kf7
44.Ne8d6 Ke7
45.Nd6f5 Kf6
46.Nf5d4 Ra3a1
47.Kg2 Nd3e1
48.Kh3 Kf7
49.Re3xe6 Ra1d1
50.Rc6c7 Kf8
51.Re6a6 Rd1xd4
52.Ra6a8 Rd4d8
53.Ra8xd8 1-0

[Event "Tournoi n27368"]
[Site "www.echecsemail.com"]
[Date "2026.01.10"]
[Round "1"]
[White "Tiounet"]
[Black "Raymar"]
[WhiteElo "1690"]
[BlackElo "1540"]
[Result "1-0"]
1.a3 e5
2.b4 d6
3.Bc1b2 f5
4.g3 Ng8f6
5.Bf1g2 Nb8c6
6.e3 Bc8e6
7.Ng1e2 Bf8e7
8.O-O Be6c4
9.d3 Bc4d5
10.Bg2xd5 Nf6xd5
11.c4 Nd5f6
12.Nb1c3 a6
13.Ra1b1 b6
14.Qd1b3 Qd8d7
15.a4 Ra8b8
16.Rf1d1 a5
17.b5 Nc6b4
18.d4 e4
19.Ne2f4 Nf6g4
20.c5 Nb4d3
21.c6 Qd7c8
22.Rd1d2 Rh8f8
23.Nc3d5 Be7g5
24.h3 Ng4xf2
25.Bb2a1 g6
26.h4 Bg5h6
27.Nf4xd3 Nf2xd3
28.Nd5f4 Bh6xf4
29.exf4 Rf8f7
30.d5 Nd3b4
31.Ba1c3 Nb4d3
32.Bc3d4 Ke7
33.Qb3c3 Qc8g8
34.Kh2 h6
35.Rd2e2 g5
36.fxg5 hxg5
37.Qc3xd3 gxh4
38.Rb1g1 hxg3
39.Rg1xg3 Qg8h7
40.Rg3h3 Qh7g8
41.Rh3h8 Rf7h7
42.Rh8xh7 Qg8xh7
43.Qd3h3 Qh7f7
44.Re2g2 Qf7xd5
45.Qh3h7 Qd5f7
46.Rg2g7 Rb8f8
47.Rg7xf7 Rf8xf7
48.Qh7h4 Ke8
49.Qh4h8 Ke7
50.Qh8c8 Rf7h7
51.Kg3 Rh7h1
52.Qc8xc7 Ke6
53.Bd4xb6 Rh1g1
54.Kf2 Rg1g6
55.Qc7d7 { abandon }1-0

[Event "Tournoi n27376"]
[Site "www.echecsemail.com"]
[Date "2026.01.10"]
[Round "1"]
[White "Domenico"]
[Black "Tiounet"]
[WhiteElo "1710"]
[BlackElo "1650"]
[Result "1-0"]
1.e4 a6
2.Bf1c4 e6
3.Ng1f3 b5
4.Bc4b3 g6
5.O-O Bc8b7
6.d3 Bf8g7
7.c3 Ng8f6
8.e5 Nf6d5
9.c4 bxc4
10.dxc4 Nd5b6
11.Bc1e3 O-O
12.Nb1c3 Nb8c6
13.c5 Nb6c8
14.Be3f4 Nc8e7
15.Rf1e1 Nc6a5
16.Nf3g5 Na5xb3
17.axb3 Ne7f5
18.Nc3e4 Rf8e8
19.Qd1g4 Bb7d5
20.h4 Re8e7
21.h5 Bd5xb3
22.hxg6 fxg6
23.Ne4f6 Kh8
24.Ng5xh7 Bg7xf6
25.Nh7xf6 Kg7
26.Qg4h3 Qd8h8
27.Qh3xb3 Ra8b8
28.Qb3a4 c6
29.Ra1a3 Rb8xb2
30.Ra3h3 Qh8b8
31.Rh3h7 Kf8
32.Rh7h8 { abandon }1-0

[Event "Tournoi n27371"]
[Site "www.echecsemail.com"]
[Date "2026.01.10"]
[Round "1"]
[White "Tiounet"]
[Black "Patau"]
[WhiteElo "1660"]
[BlackElo "1710"]
[Result "1-0"]
1.a3 e5
2.b4 c5
3.bxc5 Bf8xc5
4.e3 d5
5.Bc1b2 Nb8c6
6.g3 d4
7.exd4 Bc5xd4
8.c3 Bd4b6
9.Bf1g2 Ng8f6
10.Ng1e2 O-O
11.O-O Bc8g4
12.Rf1e1 Qd8d7
13.Qd1c1 Rf8d8
14.c4 Qd7xd2
15.Nb1xd2 Nc6d4
16.Ne2xd4 Bb6xd4
17.Bb2xd4 Rd8xd4
18.Bg2xb7 Ra8b8
19.Bb7g2 Bg4e6
20.Bg2f1 Nf6d7
21.c5 Rb8c8
22.Nd2f3 Rd4d5
23.c6 Nd7b6
24.Nf3xe5 Rc8c7
25.Bf1g2 { abandon }1-0

[Event "Tournoi n27303"]
[Site "www.echecsemail.com"]
[Date "2026.01.10"]
[Round "1"]
[White "Legrillon"]
[Black "Panchoa"]
[WhiteElo "1680"]
[BlackElo "1610"]
[Result "1-0"]
1.e4 e5
2.Ng1f3 Nb8c6
3.a3 Bf8c5
4.Bf1b5 Ng8f6
5.d3 O-O
6.h3 Nc6d4
7.Nf3xd4 Bc5xd4
8.c3 Bd4c5
9.b4 Bc5b6
10.O-O c6
11.Bb5c4 d5
12.exd5 cxd5
13.Bc4b3 d4
14.c4 Bc8e6
15.c5 Be6xb3
16.Qd1xb3 Bb6c7
17.Bc1g5 Ra8c8
18.Nb1d2 b6
19.cxb6 Bc7xb6
20.Rf1c1 Rc8xc1
21.Ra1xc1 h6
22.Bg5h4 g5
23.Bh4g3 Bb6c7
24.Qb3c4 Nf6d5
25.Nd2e4 f5
26.Ne4c5 f4
27.Nc5e6 Qd8a8
28.Ne6xf8 Kxf8
29.Bg3h2 Qa8b7
30.Qc4c5 Kf7
31.b5 Bc7b6
32.Qc5c4 Kg6
33.Qc4c6 Qb7xc6
34.Rc1xc6 Kf5
35.Rc6xh6 Nd5f6
36.f3 Bb6c5
37.a4 Bc5b4
38.Kf2 Bb4d2
39.Ke2 Bd2e3
40.Rh6h8 Nf6d5
41.Rh8a8 Nd5c3
42.Kf1 Nc3xa4
43.Ra8xa7 Na4b2
44.b6 { abandon }1-0

[Event "Défi"]
[Site "www.echecsemail.com"]
[Date "2026.01.10"]
[Round "1"]
[White "Tinenfant"]
[Black "Arno"]
[WhiteElo "1880"]
[BlackElo "1770"]
[Result "0-1"]
1.e4 Nb8c6
2.d4 e5
3.Ng1f3 exd4
4.Nf3xd4 Ng8f6
5.Nb1c3 Bf8b4
6.Qd1d3 Bb4xc3
7.bxc3 O-O
8.Nd4xc6 bxc6
9.Bf1e2 a5
10.O-O Bc8a6
11.Qd3e3 Ba6xe2
12.Qe3xe2 Rf8e8
13.f3 d5
14.Qe2d3 dxe4
15.Qd3xd8 Ra8xd8
16.fxe4 Nf6xe4
17.Bc1b2 Rd8d2
18.Ra1c1 Ne4d6
19.Rf1f4 Re8e2
20.Rf4g4 Rd2xc2
21.Rc1xc2 Re2xc2
22.Bb2a3 Rc2xa2
23.Ba3xd6 cxd6
24.h4 Ra2a3
25.Rg4g3 d5
26.Kf2 c5
27.Rg3f3 Ra3a2
28.Kg3 a4
{ abandon }0-1

[Event "Défi( 10J+24H/c 10J Max )"]
[Site "www.echecsemail.com"]
[Date "2026.01.10"]
[Round "1"]
[White "Fouvolant"]
[Black "4x4"]
[WhiteElo "1380"]
[BlackElo "1450"]
[Result "1-0"]
1.e4 e5
2.Ng1f3 d6
3.d4 Nb8d7
4.Bf1c4 exd4
5.Nf3xd4 Nd7e5
6.Bc4e2 Bc8e6
7.f4 Ne5c6
8.Bc1e3 Nc6xd4
9.Be3xd4 c5
10.Bd4e3 f6
11.Nb1c3 Ng8e7
12.O-O Ne7c6
13.Qd1d2 Qd8c7
14.Nc3b5 a6
15.Nb5xc7 Kd7
16.Nc7xe6 Kxe6
17.f5 Kf7
18.Be2c4 Ke7
19.Be3f4 Ra8d8
20.Qd2d5 Kd7
21.Qd5e6 Kc7
22.c3 Nc6e5
23.Bc4d5 Rd8d7
24.Bf4xe5 fxe5
25.Qe6e8 Rd7e7
26.Qe8a4 g6
27.f6 Re7e8
28.Qa4xe8 b5
29.f7 Bf8g7
30.Qe8e7 Kb6
31.Qe7xd6 Ka5
32.Qd6c7 Ka4
33.Bd5b3 1-0

[Event "Défi"]
[Site "www.echecsemail.com"]
[Date "2026.01.10"]
[Round "1"]
[White "Tiounet"]
[Black "Hberlioz"]
[WhiteElo "1670"]
[BlackElo "1700"]
[Result "0-1"]
1.a3 d5
2.b4 e5
3.Bc1b2 Nb8d7
4.Ng1f3 f6
5.g3 Bf8d6
6.Bf1g2 b6
7.O-O Bc8b7
8.d3 Ng8h6
9.Nb1d2 Nh6f5
10.c4 d4
11.Rf1e1 Qd8e7
12.Nd2b3 g5
13.Ra1c1 g4
14.Nf3d2 Bb7xg2
15.Kxg2 h5
16.c5 bxc5
17.Nd2c4 Nd7b6
18.Nc4xd6 cxd6
19.bxc5 dxc5
20.Nb3xc5 Kf7
21.Qd1b3 Kg7
22.Nc5e4 h4
23.Ne4c5 hxg3
24.fxg3 Nf5e3
25.Kg1 Ra8c8
26.Qb3e6 Qe7c7
27.Nc5a6 Qc7b7
28.Na6c5 Qb7g2
0-1

[Event "Tournoi n27355"]
[Site "www.echecsemail.com"]
[Date "2026.01.10"]
[Round "1"]
[White "Legrillon"]
[Black "Tiounet"]
[WhiteElo "1720"]
[BlackElo "1670"]
[Result "1-0"]
1.e4 a6
2.d4 b5
3.d5 Bc8b7
4.b4 Ng8f6
5.Bf1d3 g6
6.Bc1g5 Bf8g7
7.Qd1d2 O-O
8.Bg5h6 Rf8e8
9.Bh6xg7 Kxg7
10.Ng1f3 d6
11.h3 c6
12.dxc6 Bb7xc6
13.O-O Nf6xe4
14.Bd3xe4 Bc6xe4
15.Nf3g5 Be4b7
16.Qd2d4 e5
17.Qd4e3 Nb8c6
18.a3 Nc6d4
19.Ra1a2 f5
20.f4 Nd4e6
21.Ng5xe6 Re8xe6
22.Nb1d2 e4
23.c4 bxc4
24.Nd2xc4 Qd8c7
25.Rf1c1 Qc7f7
26.Ra2c2 Ra8d8
27.Nc4b6 Re6e7
28.Qe3d4 Kh6
29.Qd4f2 Qf7f6
30.Qf2e3 d5
31.Rc2c7 Re7xc7
32.Rc1xc7 Qf6h4
33.Rc7xb7 Rd8d6
34.Nb6c8 Rd6c6
35.Nc8e7 Rc6e6
36.Ne7xd5 Re6c6
37.Rb7b6 Rc6c1
38.Kh2 Rc1e1
39.Qe3c5 Re1e2
40.Qc5f8 Kh5
41.Nd5f6 { abandon }1-0

[Event "Tournoi n27383"]
[Site "www.echecsemail.com"]
[Date "2026.01.10"]
[Round "1"]
[White "Tiounet"]
[Black "Domenico"]
[WhiteElo "1640"]
[BlackElo "1710"]
[Result "0-1"]
1.a3 d5
2.b4 Bc8f5
3.Bc1b2 e6
4.Ng1f3 Ng8f6
5.g3 Bf8e7
6.Bf1g2 O-O
7.O-O Nb8d7
8.d3 c6
9.Nf3d4 Bf5g6
10.Nb1d2 e5
11.Nd4f3 b6
12.Nd2b3 Be7d6
13.Ra1c1 d4
14.c3 dxc3
15.Bb2xc3 a6
16.Nf3h4 Ra8c8
17.Nb3d2 c5
18.bxc5 Bd6xc5
19.Bc3b4 Bc5xb4
20.axb4 Rc8xc1
21.Qd1xc1 Qd8e7
22.Qc1a3 a5
23.Nd2c4 axb4
24.Qa3b3 b5
25.Nc4a5 Nd7b6
26.Nh4xg6 hxg6
27.Bg2c6 Qe7c5
28.Bc6g2 Nb6a4
29.Rf1b1 Na4c3
30.Kf1 Nf6g4
31.Kg1 Nc3xe2
32.Kh1 Ng4xf2
0-1

[Event "Eq:au plaisir du jeux -Les Rois du Succes :"]
[Site "www.echecsemail.com"]
[Date "2026.01.10"]
[Round "1"]
[White "Picasso"]
[Black "Jasmartin"]
[WhiteElo "2100"]
[BlackElo "2120"]
[Result "0-1"]
1.e4 c5
2.Ng1f3 g6
3.c3 Bf8g7
4.d4 cxd4
5.cxd4 Ng8f6
6.Nb1c3 O-O
7.Bf1e2 Qd8a5
8.O-O d6
9.Bc1d2 Nb8c6
10.Nc3b5 Qa5d8
11.d5 Nc6b8
12.Ra1c1 Nb8a6
13.Be2d3 Na6c5
14.Qd1c2 Bc8d7
15.Nb5c3 b5
16.b4 Nc5xd3
17.Qc2xd3 a5
18.a3 axb4
19.axb4 Qd8b6
20.Bd2e3 Qb6d8
21.Nf3d2 Nf6g4
22.Be3d4 Bg7xd4
23.Qd3xd4 Qd8b8
24.f3 Ng4h6
25.Qd4e3 Qb8a7
26.Qe3xa7 Ra8xa7
27.Nd2b3 f5
28.Nb3d4 fxe4
29.fxe4 Rf8xf1
30.Kxf1 Ra7c7
31.Ke1 Rc7c4
32.Nd4c6 Bd7xc6
33.dxc6 Rc4xc6
34.Kd2 Rc6c4
35.Rc1b1 Nh6f7
36.Nc3xb5 Rc4xe4
37.Kd3 Re4h4
38.h3 Nf7e5
39.Ke3 Ne5c6
{ abandon }0-1

[Event "Tournoi n27327"]
[Site "www.echecsemail.com"]
[Date "2026.01.10"]
[Round "1"]
[White "Legrillon"]
[Black "Bonamur"]
[WhiteElo "1700"]
[BlackElo "1770"]
[Result "1-0"]
1.e4 c5
2.c4 Nb8c6
3.h3 d6
4.Ng1f3 Ng8f6
5.d3 e6
6.Bc1g5 Bf8e7
7.Bf1e2 O-O
8.Nb1c3 Ra8b8
9.O-O a6
10.a3 b5
11.cxb5 axb5
12.Nc3a2 Bc8a6
13.b4 cxb4
14.Na2xb4 Nc6xb4
15.axb4 Ba6b7
16.Nf3d4 Bb7a8
17.Be2f3 e5
18.Nd4f5 h6
19.Nf5xe7 Qd8xe7
20.Bg5xf6 Qe7xf6
21.Qd1b3 Qf6e6
22.Qb3b2 Ba8c6
23.Ra1a6 Bc6d7
24.Bf3g4 Qe6e7
25.Bg4xd7 Qe7xd7
26.Rf1c1 Rf8c8
27.Rc1xc8 Qd7xc8
28.Ra6xd6 Qc8c7
29.Qb2xe5 Rb8a8
30.Qe5c5 Ra8a1
31.Kh2 Ra1d1
32.Qc5xc7 { abandon }1-0

[Event "Défi"]
[Site "www.echecsemail.com"]
[Date "2026.01.10"]
[Round "1"]
[White "Vvvv"]
[Black "Pheno"]
[WhiteElo "1650"]
[BlackElo "1710"]
[Result "0-1"]
1.e4 e5
2.Ng1f3 d6
3.d4 Bc8g4
4.Bf1e2 Ng8f6
5.Nb1c3 Nb8c6
6.d5 Nc6b4
7.a3 Nb4a6
8.Be2xa6 bxa6
9.O-O Bf8e7
10.b4 Ra8b8
11.Qd1d3 Qd8c8
12.b5 Bg4xf3
13.gxf3 Rb8b6
14.Kg2 Nf6h5
15.h3 h6
16.Ra1b1 Be7g5
17.Nc3a4 Bg5xc1
18.Na4xb6 axb6
19.Qd3c4 Nh5f4
{ abandon }0-1

[Event "Défi( 10J+24H/c 10J Max )"]
[Site "www.echecsemail.com"]
[Date "2026.01.10"]
[Round "1"]
[White "Djayphil"]
[Black "Pascalou50"]
[WhiteElo "2040"]
[BlackElo "1790"]
[Result "0-1"]
1.e4 e6
2.d4 d5
3.e5 c5
4.c3 Nb8c6
5.Ng1f3 Bc8d7
6.Bf1d3 cxd4
7.cxd4 Nc6b4
8.Bd3e2 Ra8c8
9.Nb1c3 Ng8e7
10.a3 Nb4c6
11.O-O Ne7f5
12.Bc1f4 Bf8e7
13.Qd1d2 Nc6a5
14.Qd2c2 Qd8b6
15.Bf4e3 Nf5xe3
16.fxe3 O-O
17.b4 Na5c4
18.Qc2d3 Qb6a6
19.a4 Be7xb4
20.Nc3b5 Qa6b6
21.Qd3b3 Bb4e7
22.Rf1b1 a6
23.Nb5d6 Qb6xb3
24.Rb1xb3 Be7xd6
25.exd6 Nc4xd6
26.Nf3e5 Bd7c6
27.Rb3b6 f6
28.Ne5xc6 Rc8xc6
29.Rb6xc6 bxc6
30.Ra1c1 Rf8c8
31.Be2xa6 Rc8c7
32.Ba6b5 Kf8
33.Rc1xc6 Nd6xb5
34.axb5 Rc7xc6
35.bxc6 Ke7
36.Kf2 Kd6
37.Kf3 Kxc6
38.h4 g6
39.g4 h6
40.Kf4 g5
41.hxg5 hxg5
42.Kf3 f5
43.Kg3 Kd6
44.gxf5 exf5
45.Kf3 Kc6
{ abandon }0-1

[Event "Défi"]
[Site "www.echecsemail.com"]
[Date "2026.01.10"]
[Round "1"]
[White "Turbo"]
[Black "Kerenor"]
[WhiteElo "1320"]
[BlackElo "1590"]
[Result "0-1"]
1.e4 e5
2.Ng1f3 d6
3.Bf1c4 Bc8g4
4.Bc4e2 Ng8f6
5.h3 Bg4h5
6.g4 Bh5g6
7.a3 Nf6xe4
8.Nb1c3 Ne4c5
9.O-O Nb8c6
10.Nf3h4 Qd8xh4
11.Kg2 O-O-O
12.d3 e4
13.dxe4 Nc5xe4
14.Bc1e3 Ne4g5
15.Be3xg5 Qh4xg5
16.f4 Qg5e7
17.f5 h5
18.fxg6 fxg6
19.Be2d3 Nc6e5
20.Bd3e2 hxg4
21.Rf1h1 Qe7d7
22.Qd1d4 gxh3
23.Kf2 Qd7f5
24.Ke1 Kb8
25.Nc3b5 Ne5c6
26.Qd4d2 a6
27.Nb5c3 Rd8e8
28.Kd1 Bf8e7
29.Qd2e1 Nc6d4
30.Rh1f1 Qf5xc2
0-1

[Event "Défi"]
[Site "www.echecsemail.com"]
[Date "2026.01.10"]
[Round "1"]
[White "Whisky"]
[Black "Roidechecs"]
[WhiteElo "1350"]
[BlackElo "1240"]
[Result "1-0"]
1.Ng1f3 Nb8c6
2.g3 d5
3.d4 e6
4.Bf1g2 Ng8f6
5.Bc1g5 h6
6.Bg5xf6 Qd8xf6
7.O-O e5
8.c3 exd4
9.Nf3xd4 Nc6xd4
10.Qd1xd4 c6
11.Qd4xf6 gxf6
12.f4 Bc8f5
13.Nb1d2 b5
14.Ra1e1 a5
15.Nd2f3 c5
16.Nf3h4 Bf5d7
17.Bg2xd5 Ra8a6
18.Bd5b7 f5
19.Bb7xa6 b4
20.c4 a4
21.e4 fxe4
22.Re1xe4 Bf8e7
23.Nh4f5 Bd7xf5
24.Ba6b5 Kf8
25.Re4e5 Bf5d3
26.Rf1e1 Be7f6
27.Re5xc5 Bf6d4
28.Kg2 Bd4xc5
29.Re1d1 Bd3e4
30.Kh3 b3
31.axb3 axb3
32.Bb5a4 Be4c2
33.Rd1d8 Kg7
34.Rd8d5 Bc5b4
35.g4 Rh8c8
36.g5 Rc8h8
37.Rd5b5 hxg5
38.Kg4 Bb4d2
39.Rb5xg5 Kf6
40.Rg5d5 Rh8xh2
41.Rd5f5 Ke6
42.Rf5e5 Kd6
43.Re5d5 Ke7
44.Kg3 Rh2h6
45.Rd5xd2 Bc2e4
46.Rd2e2 Rh6g6
47.Kh4 Rg6e6
48.Ba4xb3 Re6h6
49.Kg5 Rh6e6
50.c5 Re6g6
51.Kh5 Rg6b6
52.cxb6 f5
53.Re2xe4 Kd6
54.b7 fxe4
55.b8Q Ke7
56.Qb8b7 Kf6
57.Qb7xe4 Kg7
58.Qe4g6 Kf8
59.Qg6f7 1-0